| Tag |
First Indicator |
Second Indicator |
Subfields |
| LEADER |
00000cam a2200000 a 4500 |
| 001 |
in00002166621 |
| 006 |
m e d # |
| 007 |
cr mn mmmmabba |
| 008 |
810824s1736 ctui s s000 0 eng d |
| 005 |
20260330215811.3 |
| 035 |
|
|
|z w007281
|
| 035 |
|
|
|a MAAR8108243703B
|
| 035 |
|
|
|9 mwa91-55006
|
| 035 |
|
|
|a 316356
|
| 035 |
|
|
|a aas03007281
|
| 040 |
|
|
|a MWA
|c MWA
|e bdrb
|d UtOrBLW
|
| 110 |
1 |
|
|a Connecticut.
|
| 240 |
1 |
0 |
|a Laws, etc. (Session laws : 1736 May)
|
| 245 |
1 |
0 |
|a Acts and laws passed by the General Court or Assembly of His Majesty's colony of Connecticut in New England :
|b begun and held at Hartford, on the thirteenth day of May, in the ninth year of the reign of our Sovereign Lord George the Second, of Great-Britain, &c. King, Annoque Domini, 1736.
|
| 264 |
|
3 |
|a N. London [i.e., New London, Conn.] :
|b Printed and sold by T Green, printer to the gov. & Company,
|c 1736.
|
| 300 |
|
|
|a pages 441-443 pages, 1 unnumbered page :
|b coat of arms ;
|c 28 cm. (folio)
|
| 336 |
|
|
|a text
|b txt
|2 rdacontent
|
| 337 |
|
|
|a computer
|b c
|2 rdamedia
|
| 338 |
|
|
|a online resource
|b cr
|2 rdacarrier
|
| 500 |
|
|
|a Caption title. At head of title: Anno regni Regis Georgij, II. nono. Preventing the dividing bills of credit.
|
| 500 |
|
|
|a Publication statement from colophon.
|
| 500 |
|
|
|a Title vignette: royal coat of arms (Reilly 854).
|
| 510 |
4 |
|
|a Evans
|c 4005
|
| 510 |
4 |
|
|a Johnson, H.A. New London,
|c 334
|
| 530 |
|
|
|a Microform version available in the Readex Early American Imprints series.
|
| 533 |
|
|
|a Electronic text and image data.
|b [Chester, Vt. :
|c Readex, a division of Newsbank, Inc.,
|d 2002-2004.
|e Includes files in TIFF, GIF and PDF formats with inclusion of keyword searchable text.
|f (Early American imprints. First series ; no. 4005).
|
| 500 |
|
|
|a Electronic resource.
|
| 752 |
|
|
|a United States
|b Connecticut
|d New London.
|
| 830 |
|
0 |
|a Early American imprints.
|n Series I,
|p Evans (1639-1800) ;
|v no. 4005.
|
| 856 |
4 |
1 |
|u http://proxy.library.tamu.edu/login?url=https://opac.newsbank.com/select/evans/4005
|y Evans Digital Edition
|t 0
|
| 999 |
|
|
|a MARS
|
| 999 |
f |
f |
|s 8100df12-f24f-3fc9-b19a-c2ed9fa265de
|i 4265fecb-c957-37b5-ab2e-b77e87a36d0d
|t 0
|
| 952 |
f |
f |
|a Texas A&M University
|b College Station
|c Electronic Resources
|s www_evans
|d Available Online
|t 0
|h No information provided
|
| 998 |
f |
f |
|t 0
|l Available Online
|